000
00289nam a2200121Ia 4500
008
221030s9999 xx 000 0 und d
041
_a
English
100
_a
Ed Tittel
245
0
_a
Schaum`s Outline of Theory & Problems of XML
_c
by Ed Tittel
260
_c
0
650
_a
Mc
942
_c
BK
999
_c
16524
_d
16524